000 00992nam0a22002531 4500
001 rc\76837
005 20250620172142.0
010 _a5-201-05023-9
_91000
035 _a(NLR Aleph) 005347729
090 _a6762946
_c6762946
100 _a20021216d1996 |||y0rusy50 ca
101 0 _arus
102 _aRU
105 _aa |||||||||
200 1 _aТунис: путь к политическому плюрализму
_eКурс президента Зина аль-Абидина Бен Али
_e[Пер. с араб.
_fПредисл. М.Ф. Видясовой]
_gИн-т стран Азии и Африки при Моск. гос. ун-те им. М.В. Ломоносова
210 _aМ.
_cМСАА
_d1996
215 _a162 с.
_cил., факс.
_d21
600 1 _aБен Али
_bЗ.а.-А.
_gЗин аль-Абидин
_2psbo
700 1 _aШаабан
_bС.
_gСадок
801 0 _aRU
_bNLR
_gpsbo
801 1 _aRU
_bELAR
_2rusmarc
852 _aNLR
_j97-3/1851
942 _cBOOK
980 _aNB